000 01038cam a22003137a 4500
003 CHAP
005 20220329142221.0
008 000223d1993 mx a r 00110 spa d
010 _a80060
011 _a81032
035 _a91491
040 _cCHAP
090 _aFolleto 7314 (1993) v.29
110 2 _aInternational Board for Plant Genetic Resources
_959561
245 1 0 _aDescriptors for chickpea (Cicer arietinum L.)
_c/by IBPGGR
260 _aRoma :
_bInternational Boaaaaard for Plant Genetic Resources,
_c1993.
300 _a31 p. :
_bilus.
590 _aBATCH-UPD
_b10
_c20130110
_lUCH01
_h1904
590 _aBATCH-UPD
_b10
_c20130410
_lUCH01
_h1232
590 _aBATCH-UPD
_b10
_c20130914
_lUCH01
_h1526
590 _aCONVERSION
_b10
_c20130109
_lUCH01
_h1344
650 1 4 _aGarbanzo
_xGenética.
_945611
650 1 4 _aGarbanzo
_xGermoplasma.
_945613
650 1 4 _aRecursos genéticos.
_995078
901 _aBK
905 _aGuadalupe Pinto C.
942 _cFOLL
949 _aFolleto 7314 (1993) v.29
_bBC
_cFOLL
_d914911
_eTS1
_i91491
_sb
999 _c80060
_d80060